Vista normal
Vista MARC
Entrada Autor Personal
Número de registros utilizados en: 2
001 - CONTROL NUMBER
- control field: 2408
003 - CONTROL NUMBER IDENTIFIER
- control field: OSt
005 - DATE AND TIME OF LATEST TRANSACTION
- control field: 20180928073126.0
008 - FIXED-LENGTH DATA ELEMENTS
- fixed length control field: 180928|| aca||aabn | a|a d
040 ## - CATALOGING SOURCE
- Original cataloging agency: OSt
100 ## - HEADING--PERSONAL NAME
- Personal name: Neuss, Germán R.J.




